000 00279nam a2200121Ia 4500
008 221030s9999 xx 000 0 und d
041 _aEnglish
100 _aH.g. Molina
245 0 _aDatabase System Implementation
_cby H.g. Molina
260 _c0
650 _aMc
942 _cBK
999 _c16670
_d16670